| 000 | 01166nam a2200277 i 4500 | ||
|---|---|---|---|
| 001 | 171917 | ||
| 003 | ES-MaACL | ||
| 005 | 20250830111234.0 | ||
| 008 | 090608s1983 sp |||| | spa d | ||
| 017 | _aM 30525-1983 | ||
| 020 | _a84-220-1108-5 | ||
| 110 | 2 |
_aIglesia Católica _94639 |
|
| 240 | 1 | 0 |
_aCodex juris canonici, 1983. _lEspañol-Latín |
| 245 | 1 | 0 |
_aCódigo de derecho canónico / _cedición bilingüe comentada por los profesores de la Facultad de Derecho canónico de la Universidad Pontificia de Salamanca ; dirección Lamberto de Echeverría ; colaboradores, Juan Luis Acebal... [et al.] ; presentación de Antonio Innocenti. |
| 260 |
_aMadrid : _bLa Editorial Católica, _c1983. |
||
| 300 |
_aLXVII, 921 p. ; _c20 cm. |
||
| 490 | 1 |
_aBiblioteca de autores cristianos ; _v442 |
|
| 546 | _aTexto latino y traducción en español. | ||
| 700 | 0 |
_aEcheverría, Lamberto de. _946577 |
|
| 700 | 1 |
_aAcebal, Juan Luis, _d1930-1998 _918209 |
|
| 700 | 0 |
_aInnocenti, Antonio. _9140543 |
|
| 830 | 0 | 0 |
_aBiblioteca de autores cristianos _v442 _9178679 |
| 852 |
_aES-MaACL _jJ-431 _9R.46092 |
||
| 999 |
_c171917 _d171917 |
||